| 000 | 01134cam a2200241 4500 | ||
|---|---|---|---|
| 001 | J121420 | ||
| 008 | 030225n2003 000 0 eng u | ||
| 035 | _a(Sirsi) u121420 | ||
| 050 |
_a333.333 _c18 |
||
| 110 |
_aCambridge Econometrics _92154 |
||
| 245 | 2 | _aA study to estimate the disamenity costs of landfill in Great Britain | |
| 260 |
_aLondon _bDEFRA _c2003 |
||
| 520 | _aThis report commissioned by DEFRA provides a comprehensive analysis of the local nuisance effects of living close to landfill sites. The report concludes that properties sited within half a mile of such a site will suffer from a significant loss in value. View at www.defra.gov.uk. | ||
| 650 | _aDISAMIENITY COSTS | ||
| 650 | _aLANDFILL SITES | ||
| 650 | _aPROPERTY VALUES | ||
| 690 |
_aEnvironment _96238 |
||
| 710 |
_aEFTEC _92191 |
||
| 710 |
_aWRc Evaluation and Testing Centre Ltd. _9613 |
||
| 710 |
_aDepartment for Environment, Food and Rural Affairs _94094 |
||
| 856 |
_uhttps://archive.defra.gov.uk/environment/waste/strategy/legislation/landfill/documents/landfill_disamenity.pdf _vView the report on the DEFRA website... |
||
| 942 | _n0 | ||
| 999 |
_c102662 _d102662 |
||